00779nam a22002177a 450000500170000001000150001702000260003203500130005803700130007108200140008410000220009824500930012025000110021326000380022427000420026230000330030450000500033794200280038799900170041595201290043220130614114344.0 aENG-107459 a9788125050544c450.00 aEN-90992 bDBAD/PUB a954.14035 aSamaddar, Ranabir aMemory, identity, power :cby Ranabir Samaddarbpolitics in the junglemahals 1890-1950 / a2nd ed aNew DelhibOrient BlackSwanc2013 a1/24 Asaf Ali RoadbNew Delhie110002 axxiv,304p.:c22cm(pbk)bill. aIncludes bibliographical references and index 2ddccENmSAMh954.14035 c76390d76390 001040718NFICaDBADbDBADd2013-05-31eDBAD / PUBg450.00l0o954.14035 SAMpEN-90992r2013-05-31 00:00:00t1v450.00yEN